Statistics for BBC Sherlock - character Initials

Click here to take the quiz!

General Stats

  • This quiz has been taken 1,134 times
  • The average score is 9 of 13

Answer Stats

HintAnswer% Correct
JWJohn Watson
100%
SHSherlock Holmes
100%
MHMycroft Holmes
92%
JMJames Moriarty
82%
GLGreg Lestrade
80%
IAIrene Adler
79%
MHMolly Hooper
73%
MHMrs Hudson
73%
SDSally Donovan
57%
MMMary Morstan
47%
PAPhillip Anderson
37%
CAMCharles Augustus Magnussen
36%
MSMike Stamford
10%

Score Distribution

Percentile by Number Answered

Percent of People with Each Score

Your Score History

You have not taken this quiz